Statistics for World Capitals Closest to Moscow - distance order

Click here to take the quiz!

General Stats

  • This quiz has been taken 76 times
  • The average score is 15 of 20

Answer Stats

kmCapitalmiles% Correct
676Minsk420
100%
758Kiev471
98%
893Helsinki555
95%
843Riga524
93%
781Vilnius491
91%
868Tallinn539
90%
1153Warsaw716
84%
1228Stockholm763
81%
1144Chisinau711
79%
1610Berlin1001
78%
1501Bucharest933
74%
1571Budapest976
74%
1562Copenhagen970
71%
1633Bratislava1014
69%
1645Oslo1022
67%
1776Sofia1104
64%
1669Prague1037
62%
1715Belgrade1066
59%
1672Vienna1039
59%
1647Tbilisi1024
55%

Score Distribution

Percentile by Number Answered

Percent of People with Each Score

Your Score History

You have not taken this quiz